00809nam a2200277Ia 4500008004100000020001500041050000900056050001500065100002100080245004500101245006800146260002600214260001800240260000900258300001600267300002700283300001100310440001700321440001100338650002700349650002900376650003500405650003200440650002500472700003400497170203s9999 xx 000 0 und d a1581850026 a0 30 bR348a 1998 aReichardt, Hans. 4aThe seven wonders of the ancient world / cby Hans Reichardt ; illustrated by Anne-Lies Ihme [and others]. aNuremberg, Germany :  bTessloff Pub. c1998 a48 pages :  billustrations, maps ;  c28 cm. aStart me up! vvol. 3 aArchitecture, Ancient. aCuriosities and wonders. aSeven Wonders of the World --  aSeven Wonders of the World. xJuvenile literature. aIhme, Anne-Lies, Illustrator.